Enseñanza-aprendizaje de las Ciencias Sociales en el segundo ciclo del nivel primario, centro educativo Barrio Las Mercedes, municipio de Pedernales, año 2016-2017 (Record no. 4100)
[ view plain ]
| 000 -LEADER | |
|---|---|
| campo de control de longitud fija | 00822nam a22001817a 4500 |
| 001 - NÚMERO DE CONTROL | |
| campo de control | 16170 |
| 005 - FECHA Y HORA DE LA ÚLTIMA TRANSACCIÓN | |
| campo de control | 20250522045653.0 |
| 008 - DATOS DE LONGITUD FIJA--INFORMACIÓN GENERAL | |
| campo de control de longitud fija | 5230202017 dr |
| 090 ## - LOCALMENTE ASIGNADO TIPO-LC NÚMERO DE CLASIFICACIÓN (OCLC); NÚMERO DE CLASIFICACIÓN LOCAL (RLIN) | |
| Número de clasificación (OCLC) (R) ; Numero de clasificación, CALL (RLIN) (NR) | EDU2017-042 |
| 245 ## - MENCIÓN DEL TÍTULO | |
| Título | Enseñanza-aprendizaje de las Ciencias Sociales en el segundo ciclo del nivel primario, centro educativo Barrio Las Mercedes, municipio de Pedernales, año 2016-2017 |
| Mención de responsabilidad, etc. | Astris Yanire Pérez Ferreras ... [et al]; |
| -- | Asesora : Argentina Cuevas. |
| 260 ## - PUBLICACIÓN, DISTRIBUCIÓN, ETC. | |
| Lugar de publicación, distribución, etc. | República Dominicana, |
| Fecha de publicación, distribución, etc. | 2017 |
| 300 ## - DESCRIPCIÓN FÍSICA | |
| Extensión | 90, [11] h. ; |
| Dimensiones | 28 cm. |
| 502 ## - NOTA DE TESIS | |
| Nota de tesis | Tesis (Licenciatura en Educación Básica)-UCATEBA-Escuela de Educación, Año 2017. |
| 504 ## - NOTA DE BIBLIOGRAFÍA, ETC. | |
| Nota de bibliografía, etc. Nota | Incluye Bibliografía. |
| 650 ## - PUNTO DE ACCESO ADICIONAL DE MATERIA--TÉRMINO DE MATERIA | |
| Término de materia o nombre geográfico como elemento de entrada | 1.Ciencoas Soviales-Enseñanza-Aprendizaje. |
| 700 ## - ENTRADA AGREGADA--NOMBRE PERSONAL | |
| Nombre de persona | I.Pérez Ferreras, Astris Yanire, coaut |
| 700 ## - ENTRADA AGREGADA--NOMBRE PERSONAL | |
| Nombre de persona | II.Cuevas, Rosa Argentina, ase |
| Estatus retirado | Estado de pérdida | Estado de daño | No para préstamo | Colección | Biblioteca de origen | Biblioteca actual | Fecha de adquisición | Total de préstamos | Signatura topográfica completa | Código de barras | Visto por última vez | Copia número | Precio de reemplazo | Tipo de ítem Koha |
|---|---|---|---|---|---|---|---|---|---|---|---|---|---|---|
| Acervo general de Libros | Biblioteca Central Mons. Favio M. Rivas S. | Biblioteca Central Mons. Favio M. Rivas S. | 04/10/2017 | EDU2017-042 | 000000006142 | 23/05/2025 | 1 | 23/05/2025 | Tesis |
